|
|
|
|
| LEADER |
00000cam a2200000 7i4500 |
| 001 |
0000066139 |
| 005 |
20160919.0 |
| 008 |
160919 |
| 020 |
|
|
|a 9789831270868
|
| 020 |
|
|
|a 9789831270929 (set)
|
| 090 |
0 |
0 |
|a SYE
|b MAL
|
| 100 |
0 |
|
|a Syed Mahadzir
|
| 245 |
1 |
0 |
|a Harta tiada ternilai
|c Syed Mahadzir
|
| 260 |
|
|
|a Kuala Lumpur :
|b Penerbitan Generasi Baru ,
|c 2008
|
| 300 |
|
|
|a 128p.
|
| 490 |
1 |
|
|a Siri Antologi cereka
|
| 500 |
|
|
|a Teenager ages 13-18 years old (blue)
|
| 650 |
|
0 |
|a Malay fictions
|
| 999 |
|
|
|a 0001090523
|b Book
|c Teenagers
|e Cawangan Kota Tinggi
|
| 999 |
|
|
|a 0001090529
|b Book
|c Teenagers
|e Cawangan Kota Tinggi
|
| 999 |
|
|
|a 0001090535
|b Book
|c Teenagers
|e Cawangan Pontian
|
| 999 |
|
|
|a 0001090570
|b Book
|c Children Collection
|e Cawangan Bukit Gambir
|
| 999 |
|
|
|a 0001090576
|b Book
|c Teenagers
|e Cawangan Segamat
|
| 999 |
|
|
|a 0001090588
|b Book
|c Children Collection
|e Cawangan Bukit Gambir
|
| 999 |
|
|
|a 0001090625
|b Book
|c Teenagers
|e Cawangan Pontian
|
| 999 |
|
|
|a 0001090661
|b Book
|c Children Collection
|e Cawangan Bukit Gambir
|
| 999 |
|
|
|a 0001090673
|b Book
|c Teenagers
|e Cawangan Pontian
|
| 999 |
|
|
|a 0001090697
|b Book
|c Teenagers
|e Cawangan Pontian
|
| 999 |
|
|
|a 0001090703
|b Book
|c Children Collection
|e Cawangan Bukit Gambir
|
| 999 |
|
|
|a 0001090745
|b Book
|c Teenagers
|e Cawangan Taman Sri Lambak
|
| 999 |
|
|
|a 0001093286
|b Book
|c Teenagers
|e Cawangan Bandar Penawar
|
| 999 |
|
|
|a 0001093290
|b Book
|c Teenagers
|e Cawangan Bandar Penawar
|
| 999 |
|
|
|a 0001093299
|b Book
|c Adult Collection
|e Cawangan Tangkak
|